Karski : How One Man tried to step the Holocaust / (Record no. 1899)
[ view plain ]
| 000 -LEADER | |
|---|---|
| fixed length control field | 00613nam a2200229 a 4500 |
| 001 - CONTROL NUMBER | |
| JCCL Control Number | 1899 |
| 003 - CONTROL NUMBER IDENTIFIER | |
| JCCL marc code | BD-JhCC |
| 005 - DATE AND TIME OF LATEST TRANSACTION | |
| control field | 20171026101705.0 |
| 008 - FIXED-LENGTH DATA ELEMENTS--GENERAL INFORMATION | |
| fixed length control field | 171026s1994 nyua|||| || | 001 0 eng d |
| 020 ## - INTERNATIONAL STANDARD BOOK NUMBER | |
| International Standard Book Number | 9780471018568 |
| 035 ## - SYSTEM CONTROL NUMBER | |
| system control number | (BD-JhCC)1899 |
| 040 ## - CATALOGING SOURCE | |
| Original cataloging agency | BD-JhCC |
| Modifying agency | BD-JhCC |
| 041 ## - LANGUAGE CODE | |
| Language code of Book | eng |
| 082 ## - DEWEY DECIMAL CLASSIFICATION NUMBER | |
| Classification number | 940.53438092 |
| Author mark and Year | WOO1994 |
| 100 ## - MAIN ENTRY--PERSONAL NAME | |
| Personal name | Wood, E. Thomas |
| 245 ## - TITLE STATEMENT | |
| Title | Karski : How One Man tried to step the Holocaust / |
| Statement of responsibility, etc | E. Thomas Wood, |
| 260 ## - PUBLICATION, DISTRIBUTION, ETC. (IMPRINT) | |
| Place of publication, distribution, etc | New York |
| Name of publisher, distributor, etc | John Wiley & Sons. Inc. |
| Date of publication, distribution, etc | 1994 |
| 300 ## - PHYSICAL DESCRIPTION | |
| Pagination | 316 p. : |
| Dimensions | 26 cm. |
| 650 ## - SUBJECT ADDED ENTRY--TOPICAL TERM | |
| Topical term or geographic name as entry element | World War Biography |
| 942 ## - ADDED ENTRY ELEMENTS (KOHA) | |
| Source of classification or shelving scheme | Dewey Decimal Classification |
| Koha item type | Books |
| Source of classification or shelving scheme | Damaged status | Not for loan | Home library | Current library | Shelving location | Cost, normal purchase price | Total Checkouts | Full call number | Barcode | Date last seen | Copy number | Koha item type |
|---|---|---|---|---|---|---|---|---|---|---|---|---|
| Dewey Decimal Classification | JCC Rouf Library | JCC Rouf Library | General Stacks | 300.00 | 940.53438092 WOO1994 | 3344 | 10/26/2017 | C-1 | Books |